Представление документа в формате RUSMARC

Поле Инд. ПП Название Значение
Тип записи a
Библиографический уровень a
001 Контрольный номер 74db42b9dc5f40eda6ce663fbb9d9052
005 Дата корректировки 20190211101908.0
100 a Данные общей обработки 20190211 ||| 0rusy0189 ca
101 0_ a Язык текста rus
102 a Страна публикации RU
200 1_ f Первые сведения об ответственности В.В. Захаров
a Заглавие Специализация судей как средство совершенствования правосудия
b Общее обозначение материала Текст
210 1_ d Дата издания 2019
461 _0 1 2000
a Российский судья
463 _0 1 2000
a № 1
v С. 31-36
1 2101
d 2019
1 001d39015e76d754e4e80ca7302374fac1a
606 a Основная рубрика Правоохранительные и судебные органы
610 0_ a Ключевые слова ОРГАНИЗАЦИЯ СУДЕБНОЙ ДЕЯТЕЛЬНОСТИ
a Ключевые слова СУДЕБНАЯ СИСТЕМА
a Ключевые слова ЮВЕНАЛЬНАЯ ЮСТИЦИЯ
700 _1 a Фамилия Захаров
b Имя В.В.
801 _0 a Страна RU
b Организация РГУП
c Дата составления 20190211
g Правила каталогизации PSBO
801 _1 a Страна RU
b Организация РГУП
c Дата составления 20190211
g Правила каталогизации PSBO
901 t Тип документа b
w Контрольный № источника d39015e76d754e4e80ca7302374fac1a
905 a Дата ввода 20190211